00753nam a2200217Ia 4500008004100000020001500041040001800056041000800074060001600082100003800098245014200136260006400278300003300342504002700375650001300402650001500415650001900430650003000449650001600479700004000495130821s2004 ck a gr spa  a9587013840 aCo-BoUCMbspa00aspa aWS 105.5.F21 aBejarano Beltrán, Nancy Lucía10aPreparación para la maternidad y paternidad un proyecto de vidacNancy Lucía Bejarano Beltrán y Martha Patricia Bejarano Beltrán aBogotá (Colombia)bUniversidad Nacional de Colombiac2004 a223 páginasbilustraciones aIncluye bibliografía04aEmbarazo04aMaternidad04aPadres e hijos04aPaternidad (Psicología)04aPediatría1 aBejarano Beltrán, Martha Patricia